000 00638nam a2200217 4500
001 113650
003 ES-MaACL
005 20260210162438.0
007 t|
008 061121s1908 fr r ||||1| fre d
100 1 _aPacottet, Paul.
_988163
245 1 0 _aVinification /
_cpar Paul Pacottet ; introduction par le Dr. P. Regnard.
250 _a2e èd.
260 _a[Paris :
_bCorbeil],
_c1908.
300 _aXII, 568 p. :
_bil ;
_c17 cm.
490 1 _aEncyclopedie agricole
700 1 _aRegnard, Paul (
_d1850-1927)
_9150831
830 0 _aEncyclopédie agricole
_9180885
852 _aES-MaACL
_jD-3639
999 _c113650
_d113650